Biting the silver bullet : (Record no. 16089)
[ view plain ]
| 000 -LEADER | |
|---|---|
| fixed length control field | 00972nam a2200301 a 4500 |
| 001 - CONTROL NUMBER | |
| control field | ASIN9699251425 |
| 005 - DATE AND TIME OF LATEST TRANSACTION | |
| control field | 20170105102932.0 |
| 008 - FIXED-LENGTH DATA ELEMENTS--GENERAL INFORMATION | |
| fixed length control field | 140811s2013 xxu eng d |
| 020 ## - INTERNATIONAL STANDARD BOOK NUMBER | |
| International Standard Book Number | 9699251425 (paperback) |
| Terms of availability | $38.95 |
| 020 ## - INTERNATIONAL STANDARD BOOK NUMBER | |
| International Standard Book Number | 9789699251429 (paperback) |
| 040 ## - CATALOGING SOURCE | |
| Original cataloging agency | 0 |
| 050 04 - LIBRARY OF CONGRESS CALL NUMBER | |
| Classification number | DS383.5.A3-Z (UNITED STATES)+ |
| 082 ## - DEWEY DECIMAL CLASSIFICATION NUMBER | |
| Classification number | 303.625095491 |
| Author Mark | JAV 2013 |
| 100 1# - MAIN ENTRY--PERSONAL NAME | |
| Personal name | Javed, Rana Athar. |
| 245 10 - TITLE STATEMENT | |
| Title | Biting the silver bullet : |
| Remainder of title | the role of pakistan state institutions in war on terror / |
| Statement of responsibility, etc. | Rana Athar Javed. |
| 260 ## - PUBLICATION, DISTRIBUTION, ETC. | |
| Place of publication, distribution, etc. | [S.l.] : |
| Name of publisher, distributor, etc. | Topical, |
| Date of publication, distribution, etc. | 2013. |
| 300 ## - PHYSICAL DESCRIPTION | |
| Extent | 1 v. (unpaged) |
| 650 #0 - SUBJECT ADDED ENTRY--TOPICAL TERM | |
| Topical term or geographic name entry element | International relations |
| 650 #0 - SUBJECT ADDED ENTRY--TOPICAL TERM | |
| Topical term or geographic name entry element | Military policy |
| 650 #0 - SUBJECT ADDED ENTRY--TOPICAL TERM | |
| Topical term or geographic name entry element | National security |
| 650 #0 - SUBJECT ADDED ENTRY--TOPICAL TERM | |
| Topical term or geographic name entry element | Pakistan |
| 650 #0 - SUBJECT ADDED ENTRY--TOPICAL TERM | |
| Topical term or geographic name entry element | Taliban |
| 650 #0 - SUBJECT ADDED ENTRY--TOPICAL TERM | |
| Topical term or geographic name entry element | Terrorism--Prevention |
| 650 #0 - SUBJECT ADDED ENTRY--TOPICAL TERM | |
| Topical term or geographic name entry element | United States |
| 650 #0 - SUBJECT ADDED ENTRY--TOPICAL TERM | |
| Topical term or geographic name entry element | War on Terrorism (2001-2009) |
| 856 40 - ELECTRONIC LOCATION AND ACCESS | |
| Materials specified | Amazon.com |
| Uniform Resource Identifier | <a href="http://www.amazon.com/exec/obidos/ASIN/9699251425/chopaconline-20">http://www.amazon.com/exec/obidos/ASIN/9699251425/chopaconline-20</a> |
| 942 ## - ADDED ENTRY ELEMENTS (KOHA) | |
| Source of classification or shelving scheme | |
| Koha item type | Book |
| Withdrawn status | Lost status | Damaged status | Not for loan | Collection code | Permanent Location | Current Location | Shelving location | Date acquired | Total Checkouts | Full call number | Barcode | Date last seen | Price effective from | Koha item type | Date last checked out |
|---|---|---|---|---|---|---|---|---|---|---|---|---|---|---|---|
| Centre for International Peace & Stability (CIPS) | Centre for International Peace & Stability (CIPS) | General Stacks | 08/07/2014 | 303.625095491 JAV 2013 | CIPSD0000150 | 08/11/2014 | 08/11/2014 | Book | |||||||
| Centre for International Peace & Stability (CIPS) | Centre for International Peace & Stability (CIPS) | General Stacks | 10/25/2013 | 303.625095491 JAV 2013 | CIPSD0000001 | 08/11/2014 | 08/11/2014 | Book | |||||||
| Centre for International Peace & Stability (CIPS) | Centre for International Peace & Stability (CIPS) | General Stacks | 07/07/2015 | 1 | 303.625095491 JAV 2013 | CIPSD0000212 | 04/11/2025 | 07/07/2015 | Book | 03/13/2025 |
